BCIS Comprehensive Building Price Book Minor Works, 2024 (Record no. 121867)
[ view plain ]
| 000 -LEADER | |
|---|---|
| fixed length control field | 01243nam a2200217 4500 |
| 008 - FIXED-LENGTH DATA ELEMENTS--GENERAL INFORMATION | |
| fixed length control field | 240325s2024 ||||| |||| 00| 0 eng d |
| 020 ## - INTERNATIONAL STANDARD BOOK NUMBER | |
| ISBN | 9781915976055 |
| 041 ## - LANGUAGE CODE | |
| Language code of text/sound track or separate title | eng |
| 110 ## - MAIN ENTRY--CORPORATE NAME | |
| Corporate author | Building Cost Information Service |
| 245 ## - TITLE STATEMENT | |
| Title | BCIS Comprehensive Building Price Book Minor Works, 2024 |
| 250 ## - EDITION | |
| Edition statement | 41st |
| 260 ## - PUBLICATION INFORMATION | |
| Place of publication | London |
| Publisher | BCIS |
| Date | 2024 |
| 300 ## - PHYSICAL DESCRIPTION | |
| Physical description | 1 v. |
| Dimensions | 30 cm |
| 520 ## - ABSTRACT | |
| Abstract | The Minor Works Estimating Dataset focuses on small to medium sized 'new build' projects reflect the increase in costs brought about the reduced output, less discounts, increased carriage and supervision, to the similar items in the Major Works dataset. Given unit rates compiled from over 500,000 price elements. Each unit rating element has been updated on new material specifications have been incorporated with applicable and includes the latest amendments to professional information, average building prices, Town & Country planning regulations fees for applications, building regulations prescribed fees etc and cost limits, and allowances. |
| 520 ## - ABSTRACT | |
| Abstract | Supersedes 40th edition ISBN 9781783214686 |
| 650 ## - KEYWORDS | |
| Keywords | Building costs |
| 650 ## - KEYWORDS | |
| Keywords | Price books |
| 651 ## - SUBJECT ADDED ENTRY--GEOGRAPHIC NAME | |
| Geographic name | United Kingdom |
| 690 ## - BROAD SUBJECT | |
| 9 (RLIN) | 6233 |
| Broad subject | Cost management |
| 942 ## - ADDED ENTRY ELEMENTS (KOHA) | |
| Suppress in OPAC | Do not suppress in OPAC |
| Lost status | Damaged status | Not for loan | Home library | Current library | Shelving location | Date acquired | Total Checkouts | Date last seen | Price effective from | Koha item type |
|---|---|---|---|---|---|---|---|---|---|---|
| London | London | BCIS/BMI publications | 25/03/2024 | 25/03/2024 | 25/03/2024 | Book |